Luz rabiosa
-д хадгалсан:
| Үндсэн зохиолч: | |
|---|---|
| Формат: | Ном |
| Хэл сонгох: | испани |
| Хэвлэсэн: |
Los Angeles
Camino del Ciego
2007
|
| Хэвлэл: | 1a. ed |
| Нөхцлүүд: | |
| Шошгууд: |
Шошго нэмэх
Шошго байхгүй, Энэхүү баримтыг шошголох эхний хүн болох!
|
MARC
| LEADER | 00000cam a2200000 a 4500 | ||
|---|---|---|---|
| 001 | UCG8134 | ||
| 003 | CL-VaPUC | ||
| 008 | 111124e20070000CL |||||||||||||||||spa|d | ||
| 020 | |a 9789568690007 | ||
| 082 | 0 | 4 | |a Ch861 |b RUB |2 21 |
| 100 | 0 | |a Rubio Barrientos, Rafael |e author |9 559017 | |
| 245 | 1 | 0 | |a Luz rabiosa |
| 250 | |a 1a. ed | ||
| 300 | |a 108 p | ||
| 942 | |c BK | ||
| 945 | |d 20111124 00:00:00 |a cmena | ||
| 260 | |a Los Angeles |b Camino del Ciego |c 2007 | ||
| 650 | 0 | |a Poesías chilenas |9 265280 | |
| 650 | 0 | |a Literatura chilena |9 308278 | |
| 583 | |a last modification |c 20111124 10:34:00 |k Rodrigo Vera | ||
| 999 | |c 345770 |d 345768 | ||
| 952 | |0 0 |1 0 |4 0 |6 CH_861_000000000000000_RUB_2007 |7 0 |8 A |9 446013 |a FDOPOS |b FDOPOS |d 2019-11-22 |i 480788K |o Ch861 RUB 2007 |p 480788K |r 2023-08-09 |w 2019-11-22 |y BK |k DLH | ||